000 00786nam a22001937a 4500
005 20230919105811.0
010 _aHIN-126038
020 _a9789386821324
_c300.00
035 _aHN-98384
037 _bDBAD/PUB
082 _a362.4
100 _aपाल,गौतम
_956896
245 _aदिव्यागता अभिशाप नहीं/
_bगौतम पाल
260 _aदिल्ली
_bपुष्पांजलि प्रकाशन
_c2022
270 _aएल-46, गली न 5, शिवाजी मार्ग, करतार नगर
_bदिल्ली
_e110093
300 _a112पृ.
_c22 cm (अजिल्द)
700 _a प्रहलादका, चंदा
_956815
942 _2ddc
_cHN
_h362.4
_mपाल
999 _c198330
_d198330